| 000 | 00896nam a22002777a 4500 | ||
|---|---|---|---|
| 001 | 3881 | ||
| 003 | FISKH | ||
| 005 | 20260119140948.0 | ||
| 008 | 240521b cb ||||| |||| 00| 0 eng d | ||
| 020 | _a9780679992110 | ||
| 040 |
_aFISKH _beng _cFISKH _dFISKH |
||
| 050 | _aPZ7.H4315 | ||
| 082 | _a813.6 | ||
| 100 |
_aHerman, Gail _eauthor |
||
| 245 |
_aTime for school, little dinosaur / _cby Gail Herman : illustrated by Norman Gorbaty |
||
| 260 |
_aNew York : _bRandom House ; _c1990 |
||
| 300 |
_a20 unnubered pages : _bcolor illustrations ; _c18 cm . |
||
| 505 | _aE | ||
| 520 | _aThough his friend Spikey teases him, Little Dinosaur is eager to be ready for his first day of school. | ||
| 521 | 8 |
_a220
_bLexile |
|
| 521 | 8 |
_aE
_bRaz-Plus |
|
| 650 |
_aback to shool _vfiction |
||
| 700 |
_aGorbaty, Norman _eillustrator |
||
| 942 |
_2ddc _cBK _n0 |
||
| 999 |
_c3881 _d3881 |
||